Elektroerosive Bearbeitung : 11.Forschungsbericht
Salvato in:
| Natura: | Libro |
|---|---|
| Lingua: | tedesco |
| Pubblicazione: |
Essen :
Giradet,
1958
|
| Tags: |
Nessun Tag, puoi essere il primo ad aggiungerne!!
|
MARC
| LEADER | 00000nam a22000003a 4500 | ||
|---|---|---|---|
| 001 | stu35844 | ||
| 005 | 20150408180940.5 | ||
| 008 | 920515s1958----gw------------------ger-d | ||
| 040 | |a STU |b slo | ||
| 041 | 0 | |a ger | |
| 044 | |a gw | ||
| 245 | |a Elektroerosive Bearbeitung : |b 11.Forschungsbericht | ||
| 260 | |a Essen : |b Giradet, |c 1958 | ||
| 300 | |a 47 s | ||
| 996 | |b 284M003809 |c M*4101/11-1 |l MMKN |s A |a 24 |w stu35844_0001 | ||